00687cam a22002053a 450000100060000000300060000600500170001200800410002904000150007004200070008505000070009210000320009924501220013126000290025350600300028251600200031265300780033283000290041085600420043931118PGUSA20140828083655.0100129s2010||||xxu|||||s|||||000 | eng d aPGUSAbeng adc 4aHD1 aRichardson, Dorothy,d1882-14aThe Long Day :bThe Story of a New York Working Girl, as Told by Herselfh[electronic resource] /cDorothy Richardson bProject Gutenberg,c2010 aPublic domain in the USA. aElectronic text aWomen -- Employment -- New York (State) -- New York -- History -- Sources 0aProject Gutenbergv3111840uhttp://www.gutenberg.org/ebooks/31118